00483nam a22001457a 450000500170000000800410001702000290005804100130008708200130010010000410011324500690015426000570022330000310028065000260031120240119093652.0240119b |||||||| |||| 00| 0 eng d a0409003301 ; 0409003564  aEnglish  a349 JOU  aJoubert, WA and Scott, TJ lEnglish  aThe Law of South Africa : Labour Law /cWA Joubert and TJ Scott  aDurban : bButterworth Publishers (Pty) Ltd, c1995  bvii, 467 pages ; c26 cm.  aLegal practice bLaw